000 00456nam a2200157Ia 4500
008 220216s9999 xx 000 0 und d
100 _aLion A
245 0 _aPhenomenological modelling of stra-induced structural changes in filler-reinforced elastomers
260 _bKautschuk Gummi Kunststoffe
_c2005
300 _a157-162
650 _aDynamic moduli
650 _aFilled elastomers
650 _aKraus model
650 _aPayne effect
942 _cJS
999 _c64876
_d64876